000 00598nam a2200181 i 4500
001 26847
003 ES-MaACL
005 20230906153518.0
007 t|
008 030110s1972 sp ||||1| spa d
100 1 _aArriaga, Gonzalo de.
_923273
245 1 0 _aHistoria del insigne convento de San Pablo, de la ciudad de Burgos y de sus ilustres hijos /
_cpor Gonzalo de Arriaga.
260 _aBurgos :
_bInstitución Fernán González,
_c1972.
300 _a1 v. ;
_c22 cm.
505 8 _aContiene: V. I.
710 2 _aInstitución Fernán González.
_94720
852 _aES-MaACL
_jP-1699
_bR.84583
999 _c26847
_d26847